000 00710nam a22002177a 4500
001 09241
003 HDC
007 cr bn ---aaaaa
008 210131c20141030my |||| o||| 00| 0|may
040 _aHDC
245 0 _aHarga MSM dijangka RM2500 tahun depan :
_bFGV luaskan urus niaga biodiesel ke China
336 _atext
_2rdacontent
337 _acomputer
_2rdamedia
338 _aonline resource
_2rdacarrier
650 _aPemakanan
_99599
710 _aUtusan Malaysia
856 _zRequest full-text at [email protected]
942 _2lcc
942 _cNEWS
942 _kNWSC 001675
999 _c6564
_d6564